Flags with Crosses - Sudden Death - Statistics

General Stats
  • This quiz has been taken 992 times
  • The average score is 7 of 10
Answers on the Grid
Answers color-coded by a green-red scale on the quiz's grid according to % correct below.
Burundi
Tonga
Saudi Arabia
Greece
Turkmenistan
Brazil
Liechtenstein
Belarus
Finland
Myanmar
UAE
Georgia
Switzerland
Taiwan
Fiji
Jamaica
Kiribati
UK
Cuba
Dominica
 
Answer Stats
Answer % Correct
UK
91%
Switzerland
88%
Finland
87%
Greece
83%
Georgia
82%
Jamaica
56%
Tonga
56%
Fiji
48%
Dominica
38%
Burundi
24%
No matching quizzes found
Score Distribution
Percent of People with Each Score
Percentile by Number Answered
Your Score History
You have not taken this quiz